In search of roots : (Record no. 123252)

MARC details
000 -LEADER
fixed length control field 00739nam a22002417a 4500
005 - DATE AND TIME OF LATEST TRANSACTION
control field 20170124105922.0
010 ## - LIBRARY OF CONGRESS CONTROL NUMBER
LC control number A-702236
020 ## - INTERNATIONAL STANDARD BOOK NUMBER
Terms of availability 00.00
International Standard Book Number 8170187605
035 ## - SYSTEM CONTROL NUMBER
System control number A-702236
037 ## - SOURCE OF ACQUISITION
Source of stock number/acquisition Cen Lib/Ret
040 ## - CATALOGING SOURCE
Original cataloging agency DPL
Language of cataloging EN
082 ## - DEWEY DECIMAL CLASSIFICATION NUMBER
Classification number 305.8
Item number RIZ
100 ## - MAIN ENTRY--PERSONAL NAME
Personal name Rizvi, S.H.M.
9 (RLIN) 72400
245 ## - TITLE STATEMENT
Title In search of roots :
Statement of responsibility, etc by S.H.M. Rizvi [and] Shibani Roy
Remainder of title a study of ethnogenesis /
260 ## - PUBLICATION, DISTRIBUTION, ETC. (IMPRINT)
Place of publication, distribution, etc Delhi
Name of publisher, distributor, etc B.R. publishing
Date of publication, distribution, etc 1994
270 ## - ADDRESS
City Delhi
Address 29/9, Nagnia park
Postal code 110007
300 ## - PHYSICAL DESCRIPTION
Extent 621p.
Dimensions 21cm(Hb)
500 ## - GENERAL NOTE
General note Includes index
650 ## - SUBJECT ADDED ENTRY--TOPICAL TERM
Topical term or geographic name as entry element Ethnology -- India
9 (RLIN) 18472
650 ## - SUBJECT ADDED ENTRY--TOPICAL TERM
Topical term or geographic name as entry element India -- Ethnic relations -- History
9 (RLIN) 72401
700 ## - ADDED ENTRY--PERSONAL NAME
Personal name Roy, Shibani
9 (RLIN) 5029
942 ## - ADDED ENTRY ELEMENTS (KOHA)
Source of classification or shelving scheme Dewey Decimal Classification
Koha item type English Books
Classification part 305.8
Call number suffix RIZ
Holdings
Withdrawn status Lost status Damaged status Not for loan Home library Current library Date acquired Source of acquisition Cost, normal purchase price Total Checkouts Full call number Barcode Date last seen Copy number Cost, replacement price Price effective from Koha item type Public note
Written off       Central Library Central Library 04/06/2015 Cen Lib/Ret 0.00   305.8 RIZ A-702236 04/06/2015 1 0.00 04/06/2015 English Books W/d list no. 6840/17

© Delhi Public Library
Hit Counter
free hit counter